000 00540pab a2200193 454500
008 180718b2014 xxu||||| |||| 00| 0 eng d
100 _aPandey, Asha
245 _aEnhancing motivational dispositions of student teacher: An Indian perspective
260 _c2014
300 _ap.17-22.
362 _a17 Nov
650 _aMotivation - India
650 _aTeachers - India
650 _aStudent teacher relationship - India
650 _aStudent teacher relationship
773 _aUniversity News
908 _aN
909 _a105851
999 _c105846
_d105846